000 00263 a2200097 4500
020 _a9788199238909
100 _aNizar ilthumish
245 _aOnnam thalaikkoothal(ഒന്നാം തലൈക്കൂത്തൽ)
260 _bStory slate
_c2025
942 _cOO
999 _c116159
_d116158